Bioclimatologie des ruminants domestiques en zone tropicale / (Record no. 15939)
[ view plain ]
| 000 -LEADER | |
|---|---|
| fixed length control field | 00447cam a2200157 a 4500 |
| 020 ## - INTERNATIONAL STANDARD BOOK NUMBER | |
| ISBN | 2738000681 |
| 040 ## - CATALOGING SOURCE | |
| Transcribing agency | DLC |
| 082 00 - DEWEY DECIMAL CLASSIFICATION NUMBER | |
| Classification number | 636 INT 1988 A090 Or. |
| 100 1# - MAIN ENTRY--AUTHOR NAME | |
| Personal name | Berbigier, Paul. |
| 245 10 - TITLE STATEMENT | |
| Title | Bioclimatologie des ruminants domestiques en zone tropicale / |
| 260 ## - PUBLICATION, DISTRIBUTION, ETC. (IMPRINT) | |
| Place of publication | Paris : |
| Name of publisher | Institut national de la recherche agronomique, |
| Year of publication | c1988. |
| 300 ## - PHYSICAL DESCRIPTION | |
| Number of Pages | xi, 237 p. : |
| Other physical details | ill. ; |
| Dimensions | 24 cm. |
| 650 #0 - SUBJECT ADDED ENTRY--TOPICAL TERM | |
| Topical Term | Livestock |
| 650 #0 - SUBJECT ADDED ENTRY--TOPICAL TERM | |
| Topical Term | Ruminants |
| 942 ## - ADDED ENTRY ELEMENTS (KOHA) | |
| Koha item type | សៀវភៅភាសាបារាំង |
| 952 ## - LOCATION AND ITEM INFORMATION (KOHA) | |
| Withdrawn status [LOCAL, KOHA] | 0 |
| Permanent Location | Date acquired | Koha item type | Lost status | Shelving location | Barcode | Current Location | Full call number |
|---|---|---|---|---|---|---|---|
| Library Block A | 2017-12-19 | សៀវភៅភាសាបារាំង | A090 | A14273 | Library Block A | 636 INT 1988 A090 Or. |